Escolas de Samba de Vitória - Carnaval 2020 - Statistics

Estatísticas Gerais
  • Esse quiz foi jogado 21 vezes
  • A pontuação média é 9 de 19
Estatísticas das Respostas
Cidade Bairro Grupo Escola % Correto
Vitória Jucutuquara Especial Unidos de Jucutuquara
94%
Vila Velha Glória Especial Mocidade Unida da Glória
88%
Vila Velha São Torquato Especial Independente de São Torquato
76%
Cariacica Itaquari Especial Independente de Boa Vista
71%
Vitória Forte São João Especial Imperatriz do Forte
65%
Vitória Piedade e Fonte Grande Especial Unidos da Piedade
65%
Vitória Santa Marta A Andaraí
53%
Vitória Caratoíra Especial Novo Império
53%
Vitória Consolação A Pega no Samba
47%
Vitória Goiabeiras A Chegou o Que Faltava
41%
Vitória Praia do Canto A Mocidade da Praia
41%
Serra Serra Dourada A Rosas de Ouro
35%
Serra Feu Rosa B Tradição Serrana
35%
Serra Bairro de Fátima B Império de Fátima
29%
Vitória Santa Teresa e Morro do Quadro A Chega Mais
24%
Vitória Maruípe B Independente de Eucalipto
24%
Cariacica Itacibá B União Jovem de Itacibá
24%
Vitória São Cristóvão A Unidos de Barreiros
24%
Serra José de Anchieta B Mocidade Serrana
18%
Nenhum quiz correspondente encontrado
Distribuição das Pontuações
Porcentagem de Pessoas com Cada Pontuação
Percentil de Números Respondidos
Sua Pontuação Histórica
Você não jogou esse quiz